Music Quiz

Random Music or Song Quiz
Score 0/100 Timer 10:00
1 Play Today
Song Artist % Correct
Papa Don't PreachMadonna
94.8%
Live to TellMadonna
94.8%
True BlueMadonna
94.8%
Say You, Say MeLionel Richie
89.9%
Dancing on the CeilingLionel Richie
89.9%
Love Will Conquer AllLionel Richie
89.9%
How Will I KnowWhitney Houston
88.8%
Greatest Love of AllWhitney Houston
88.8%
You Give Love a Bad NameBon Jovi
87.2%
True ColorsCyndi Lauper
86.8%
When I Think of YouJanet Jackson
86.4%
What Have You Done For Me LatelyJanet Jackson
86.4%
NastyJanet Jackson
86.4%
Manic MondayThe Bangles
85.3%
SledgehammerPeter Gabriel
84%
Addicted to LoveRobert Palmer
82.6%
I Didn't Mean to Turn You OnRobert Palmer
82.6%
Walk This WayRun-DMC
82.5%
Invisible TouchGenesis
81.6%
Throwing it All AwayGenesis
81.6%
West End GirlsPet Shop Boys
79.2%
KissPrince & The Revolution
78.7%
NikitaElton John
74.7%
Walk of LifeDire Straits
74.5%
Danger ZoneKenny Loggins
74.2%
VenusBananarama
74%
Broken WingsMr. Mister
70%
KyrieMr. Mister
70%
Take My Breath AwayBerlin
70%
Rock Me AmadeusFalco
69.7%
R.O.C.K. In The USAJohn Cougar Mellencamp
69.5%
Small TownJohn Cougar Mellencamp
69.5%
Higher LoveSteve Winwood
69.2%
Take Me HomePhil Collins
68%
Song Artist % Correct
NeverHeart
67.4%
These DreamsHeart
67.4%
That's What Friends Are ForDionne Warwick & Friends
67.2%
Party All The TimeEddie Murphy
66.3%
Living in AmericaJames Brown
63.9%
There'll Be Sad Songs (To Make You Cry)Billy Ocean
62.5%
When The Going Gets Tough, The Tough Get GoingBilly Ocean
62.5%
CongaMiami Sound Machine
61.7%
Words Get in the WayMiami Sound Machine
61.7%
Bad BoyMiami Sound Machine
61.7%
Stuck With YouHuey Lewis & The News
61.3%
Why Can't This Be LoveVan Halen
57%
The Sweetest TabooSade
56.7%
AmandaBoston
56.6%
HumanHuman League
55.8%
Holding Back the YearsSimply Red
55.2%
Alive and KickingSimple Minds
55%
Glory of LovePeter Cetera
54.7%
Take Me Home TonightEddie Money
51.5%
SaraStarship
49.9%
Spies Like UsPaul McCartney
48.9%
Word UpCameo
48.7%
Silent RunningMike + The Mechanics
48.3%
All I Need Is a MiracleMike + The Mechanics
48.3%
What You NeedINXS
47.1%
No One Is To BlameHoward Jones
46.4%
Mad About YouBelinda Carlisle
45.3%
On My OwnPatti LaBelle & Michael McDonald
41.7%
I'm Your ManWham!
40.7%
A Different CornerGeorge Michael
40.2%
Go HomeStevie Wonder
39%
We Don't Have to Take Our Clothes OffJermaine Stewart
38.8%
Love TouchRod Stewart
38.1%
Burning HeartSurvivor
36.8%
Song Artist % Correct
DreamtimeDaryl Hall
36.5%
Typical MaleTina Turner
36.4%
Tonight She ComesThe Cars
35.1%
Sleeping BagZZ Top
34.4%
Who's JohnnyEl DeBarge
33.7%
Sweet FreedomMichael McDonald
32.7%
If You LeaveOrchestral Manoeuvres in the Dark
32.6%
Talk to MeStevie Nicks
30.4%
Your Wildest DreamsThe Moody Blues
29.8%
Tarzan BoyBaltimora
29.5%
Don't Forget Me (When I'm Gone)Glass Tiger
28.8%
Two of HeartsStacey Q
27.9%
Crush on YouThe Jets
27.2%
Life in a Northern TownThe Dream Academy
27.1%
I'll Be Over YouToto
27.1%
King For a DayThompson Twins
25.2%
Something About YouLevel 42
24.7%
Your LoveThe Outfield
23.6%
I Can't WaitNu Shooz
23.6%
A Love BizarreSheila E.
23.4%
All Cried OutLisa Lisa & Cult Jam with Full Force
22.3%
I Miss YouKlymaxx
21.4%
Sweet LoveAnita Baker
21.3%
Secret LoversAtlantic Starr
21.3%
Friends and LoversCarl Anderson & Gloria Loring
19.5%
Perfect WayScritti Politti
18.6%
Election DayArcadia
18%
Let's Go All the WaySly Fox
17.9%
RumorsTimex Social Club
14%
Tender LoveForce MDs
9.2%
Baby LoveRegina
7.7%
Object of My DesireStarpoint
6.8%

You're not logged in!

Compare scores with friends on all Sporcle quizzes.
OR
Log In

Sporcle TV

Today on Sporcle TV


Watch our educational content, quiz creation guides, and fun videos on Sporcle TV.

Show Comments

Extras

Top Quizzes Today


Score Distribution

Paid Content

Your Account Isn't Verified!

In order to create a playlist on Sporcle, you need to verify the email address you used during registration. Go to your Sporcle Settings to finish the process.

Report this User

Report this user for behavior that violates our Community Guidelines.

Details: